UNIVERSITY OF BENIN JOURNAL OF BUSINESS LAW (Record no. 43980)

MARC details
003 - CONTROL NUMBER IDENTIFIER
control field 436112
005 - DATE AND TIME OF LATEST TRANSACTION
control field 20251110114114.0
008 - FIXED-LENGTH DATA ELEMENTS--GENERAL INFORMATION
fixed length control field 251110b |||||||| |||| 00| 0 eng d
022 ## - INTERNATIONAL STANDARD SERIAL NUMBER
International Standard Serial Number 232344556
040 ## - CATALOGING SOURCE
Transcribing agency Nile University of Nigeria, Abuja.
Description conventions rda
050 ## - LIBRARY OF CONGRESS CALL NUMBER
Classification number K 60 B4
082 ## - DEWEY DECIMAL CLASSIFICATION NUMBER
Classification number K 60 B4
245 ## - TITLE STATEMENT
Title UNIVERSITY OF BENIN JOURNAL OF BUSINESS LAW
250 ## - EDITION STATEMENT
Edition statement vol1,No.1
260 ## - PUBLICATION, DISTRIBUTION, ETC. (IMPRINT)
Place of publication, distribution, etc Benin
Name of publisher, distributor, etc Ambik Press
Date of publication, distribution, etc 2013
264 ## - PUBLICATION, DISTRIBUTION, ETC. (IMPRINT)
Place of publication, distribution, etc Benin
Name of publisher, distributor, etc Ambik Press
Date of publication, distribution, etc 2013
300 ## - PHYSICAL DESCRIPTION
Other physical details vii, 146 pg., 30 cm
336 ## - CONTENT TYPE
Source rdacontent
338 ## - CARRIER TYPE
Source rdacarrier
942 ## - ADDED ENTRY ELEMENTS (KOHA)
Source of classification or shelving scheme Library of Congress Classification
Koha item type JOURNALS
Holdings
Withdrawn status Lost status Source of classification or shelving scheme Damaged status Not for loan Permanent Location Current Location Shelving location Date acquired Total Checkouts Date last seen Price effective from Koha item type
    Library of Congress Classification     Law Library Law Library Items on shelf 11/10/2025   11/10/2025 11/10/2025 JOURNALS